Culture Générale - Série 2535 - Statistiques

Statistiques générales
  • Ce quiz a été pris 142 fois
  • Le résultat moyen est 6 sur 10
Statistiques - réponses
Question Réponse % Correct
En 2012 qui a été élu Président de la République Française ? prénom et nom François Hollande
98%
Dans quel pays a eu lieu en1986 la plus grande catastrophe nucléaire de Tchernobyl ? Ukraine
98%
De quel organe du corps la cirrhose est-elle une maladie ? foie
97%
Très souvent abrégée en B.A., est une obligation quotidienne faite à chaque scout depuis le camp de Brownsea par Baden-Powell - traduire "B.A" bonne action
84%
L'île Bourbon s'appelle maintenant .... Réunion
50%
Dans les années 1970 quel peintre était fou du chocolat Lanvin ? prénom et nom Salvador Dali
46%
A quel ancien ministre de la culture doit-on la suite romanesque historique "Les rois maudits" ? prénom et nom - voir photo Maurice Druon
33%
Quel grand chef cuisinier français (1951-2003) a fait connaitre la commune de Saulieu (21) ? prénom et nom Bernard Loiseau
29%
Quelle ville du Calvados est célèbre pour ses caramels Dupont ? Isigny
19%
Dans quel département français se situe la commune de Rennes le Château rendue célèbre par l'abbé Bérenger Saunière au début des années 1900 ? Aude
14%
Aucun quiz correspondant
Distribution des résultats
% des personnes avec chaque résultat
Percentile par nombre de réponses
Votre historique - résultats
Vous n’avez pas pris ce quiz